Statistics for History of Malaysia Quiz

Click here to take the quiz!

General Stats

  • This quiz has been taken 301 times
  • The average score is 8 of 15

Answer Stats

HintAnswer% Correct
Country from which Malaysia gained its independence in 1957United Kingdom
99%
Island nation which became independent from Malaysia in 1965Singapore
94%
Country that invaded Malaysia in 1941Japan
93%
World's tallest building between 1998–2004Petronas Towers
81%
Country that captured the region of Malacca in 1511 – important in the spice tradePortugal
70%
Asian leader whose brother was assassinated in Kuala Lumpur in 2017Kim Jong-un
69%
Sultanate that controlled the Borneon part of Malaysia between 1368–1888Sultanate of {Brunei}
64%
Country in which Malaysia Airlines Flight 17 was shot down by separatistsUkraine
63%
International body Malaysia co-founded with its neighbours in 1967ASEAN
55%
Malaysia Airlines flight that disappeared on 8 March 2014Flight {370}
42%
Politician who was the leading force in making Malaysia into a major industrial powerMahathir {Mohamad}
34%
Former prime minister arrested in 2018 for corruption{Najib} Razak
31%
Fashion designer known for handmade women's shoes – founded his company in 1996Jimmy Choo
28%
Guerrilla war fought against the Communist forcesMalayan {Emergency}
15%
Name used by Greek and Roman geographers to refer to the Malay Peninsula{Golden} Chersonese
9%

Score Distribution

Percentile by Number Answered

Percent of People with Each Score

Your Score History

You have not taken this quiz